| 000 | 00662nam a2200217 u 4500 | ||
|---|---|---|---|
| 005 | 20241012063746.0 | ||
| 008 | 170127s2007 ea r 000 0 spa d | ||
| 020 | _a1404270205 | ||
| 035 | _aUPN01000215636 | ||
| 049 | _aI | ||
| 050 | 4 |
_aPZ8.9 _bD6.2 |
|
| 100 | 1 |
_aDow, Suzanne, _d1977- _940129 |
|
| 245 | 1 | 3 |
_aLa carrera de bicicletas / _cSuzanne Dow ; tr. María Cristina Brusca. |
| 260 |
_aNew York : _bLectura del Barrio, _cc2007. |
||
| 300 |
_a12 p. : _bil. col. |
||
| 440 | 0 | _aRosen classroom books & materíals | |
| 650 | 4 |
_aCuentos infantiles ingleses _910002 |
|
| 650 | 2 |
_aCompetencias deportivas _99833 |
|
| 905 | _aInfantil | ||
| 999 |
_c187736 _d187736 |
||